CHOCHP - štvrtá najčastejšia príčina úmrtia vo vyspelom svete sme na ceste od bronchodilatancií k predĺženiu života pacienta s CHOCHP?

Podrobná bibliografia
Médium: Článok
Jazyk:slovenčina
ISSN:1335-4477
Predmet:

MARC

LEADER 00000nab a2200000 a 4500
001 vtls000818458
003 SK-MaSNL
005 20260302151319.0
008 140303c2002 xo 0 slo
015 |a SNBRB2002/12-40219 
035 |a CLN000170113 
040 |a SNKBUCL  |b slo  |c SNKBUCL  |e AACR2 
041 0 |a slo 
044 |a xo  |c SK 
080 |a 616.24-008.64  |2 1997 
245 0 0 |a CHOCHP - štvrtá najčastejšia príčina úmrtia vo vyspelom svete  |b sme na ceste od bronchodilatancií k predĺženiu života pacienta s CHOCHP? 
650 0 7 |a pľúca  |x choroba obštrukčná chronická  |2 snkbucl  |9 842653 
650 0 7 |a choroba obštrukčná chronická  |x pľúca  |2 snkbucl  |9 842654 
655 7 |a články z novín a časopisov  |2 snkbucl  |9 267496 
773 0 |t Zdravotnícke noviny  |g Roč. 7, č. 43 (2002), s. 9  |x 1335-4477 
850 |a Slovenská národná knižnica v Martine 
852 |a SNK  |b KIS3GCP 
958 |a MI 
992 |a RBX 
999 |c 1359495  |d 1361425